[Event "RUS IPCA-ch"]
[Site "Nalchik"]
[Date "2016.04.30"]
[Round "1"]
[White "Nikitenko, Sergey"]
[Black "Aleshin, Nikolay"]
[Result "0-1"]
[WhiteElo "1888"]
[BlackElo "2263"]
[PlyCount "66"]
[EventDate "2016.04.30"]
[EventType "swiss"]
[EventRounds "9"]
[EventCountry "RUS"]
[SourceTitle "CBM 172 Extra"]
[Source "ChessBase"]
[SourceDate "2016.06.21"]
[SourceVersion "1"]
[SourceVersionDate "2016.06.21"]
[SourceQuality "1"]

1. d4 Nf6 2. c4 e6 3. Nc3 Bb4 4. Qc2 d5 5. e3 0-0 6. Nf3 c5 7. dxc5 Nc6 8. a3 Bxc3+ 9. Qxc3 Ne4 10. Qc2 Qa5+ 11. Bd2 Qxc5 12. b4 Qe7 13. Bd3 f5 14. 0-0 Bd7 15. b5 Nxd2 16. Nxd2 Ne5 17. Be2 Rac8 18. Qb3 Qd6 19. cxd5 exd5 20. Nf3 Be6 21. Rfd1 Rc5 22. Nd4 Rfc8 23. Qb4 Qd7 24. a4 Bf7 25. h3 Ng6 26. Rd2 Qe7 27. Rad1 f4 28. Bg4 fxe3 29. Bxc8 exd2 30. Qxd2 Rxc8 31. Nf5 Qe5 32. Ne3 Nf4 33. Ng4 Qg5 0-1

[Event "Tula-ch fin"]
[Site "Tula"]
[Date "2007.08.05"]
[Round "3"]
[White "Yagupov, Igor"]
[Black "Aleshin, Nikolay"]
[Result "1-0"]
[WhiteElo "2494"]
[BlackElo "2254"]
[PlyCount "101"]
[EventDate "2007.08.03"]
[EventType "tourn"]
[EventRounds "9"]
[EventCountry "RUS"]
[EventCategory "6"]
[SourceTitle "CBM 119 Extra"]
[Source "ChessBase"]
[SourceDate "2007.09.04"]
[SourceVersion "1"]
[SourceVersionDate "2007.09.04"]
[SourceQuality "1"]

1. e4 c5 2. Nf3 e6 3. d4 cxd4 4. Nxd4 a6 5. Bd3 Bc5 6. Nb3 Ba7 7. 0-0 Nc6 8. Qe2 e5 9. Be3 Nge7 10. Bxa7 Rxa7 11. c4 d6 12. Rd1 Ng6 13. Qe3 b6 14. Nc3 Nb4 15. Nd5 Nxd5 16. cxd5 Nf4 17. Bf1 Ra8 18. Rac1 Bd7 19. Nd4 Nxg2 20. Bxg2 exd4 21. Qxd4 f6 22. Qb4 Qb8 23. Qc3 0-0 24. Qc7 Ra7 25. Qxb8 Rxb8 26. f4 Rc8 27. Rxc8+ Bxc8 28. Rc1 Bd7 29. Kf2 Kf7 30. Bf1 b5 31. Ke3 Ke7 32. Bd3 Kd8 33. Kd4 Be8 34. e5 fxe5+ 35. fxe5 dxe5+ 36. Kxe5 Re7+ 37. Kd4 h6 38. Rc3 Rf7 39. d6 Rf2 40. Ra3 Kc8 41. Be4 Rd2+ 42. Ke5 Re2 43. Rxa6 g5 44. Ra8+ Kd7 45. Ra7+ Kd8 46. Kd4 Rf2 47. Kc5 Bh5 48. Bc6 Rc2+ 49. Kb6 Bg4 50. Ra8+ Bc8 51. d7 1-0

[Event "Tula-ch fin"]
[Site "Tula"]
[Date "2007.08.04"]
[Round "2"]
[White "Aleshin, Nikolay"]
[Black "Tishin, Petr"]
[Result "0-1"]
[WhiteElo "2254"]
[BlackElo "2404"]
[PlyCount "82"]
[EventDate "2007.08.03"]
[EventType "tourn"]
[EventRounds "9"]
[EventCountry "RUS"]
[EventCategory "6"]
[SourceTitle "CBM 119 Extra"]
[Source "ChessBase"]
[SourceDate "2007.09.04"]
[SourceVersion "1"]
[SourceVersionDate "2007.09.04"]
[SourceQuality "1"]

1. e4 e5 2. Nf3 Nc6 3. d4 exd4 4. Nxd4 d6 5. Nxc6 bxc6 6. Bc4 g6 7. 0-0 Bg7 8. Qf3 Qf6 9. Nd2 Qxf3 10. Nxf3 Ne7 11. c3 0-0 12. h3 h6 13. Nd4 Kh7 14. Re1 Bd7 15. f4 Rae8 16. Bd3 f5 17. Nf3 fxe4 18. Bxe4 Nd5 19. Nh4 Re6 20. Nxg6 Rxg6 21. Bxg6+ Kxg6 22. Re4 Bf5 23. Re1 Bd7 24. Re4 c5 25. Bd2 Rb8 26. Bc1 Kf7 27. Kh2 Nxc3 28. Re3 Nd5 29. Rb3 Rb6 30. g4 Bc6 31. Rxb6 cxb6 32. a4 a5 33. h4 Nb4 34. Ra3 d5 35. g5 d4 36. f5 Be5+ 37. Kg1 d3 38. gxh6 Be4 39. Kf2 Bxf5 40. Kf3 Nc2 41. Rb3 Nd4+ 0-1

[Event "Tula-ch fin"]
[Site "Tula"]
[Date "2007.08.03"]
[Round "1"]
[White "Aleshin, Nikolay"]
[Black "Ruchkin, Yuri"]
[Result "1-0"]
[WhiteElo "2254"]
[BlackElo "2275"]
[PlyCount "103"]
[EventDate "2007.08.03"]
[EventType "tourn"]
[EventRounds "9"]
[EventCountry "RUS"]
[EventCategory "6"]
[SourceTitle "CBM 119 Extra"]
[Source "ChessBase"]
[SourceDate "2007.09.04"]
[SourceVersion "1"]
[SourceVersionDate "2007.09.04"]
[SourceQuality "1"]

1. e4 e6 2. d4 d5 3. Nc3 dxe4 4. Nxe4 Nd7 5. Nf3 Ngf6 6. Nxf6+ Nxf6 7. Bd3 Be7 8. 0-0 0-0 9. h3 b6 10. c3 Bb7 11. Bc4 c5 12. Bf4 Bxf3 13. Qxf3 cxd4 14. Rad1 Qc8 15. Rxd4 Bc5 16. Rd2 Bxf2+ 17. Rdxf2 Qxc4 18. Bd6 Rfe8 19. Be5 Qh4 20. Qb7 Qh5 21. Bxf6 gxf6 22. Rxf6 Rf8 23. Rxf7 Rxf7 24. Qxa8+ Kg7 25. Rxf7+ Qxf7 26. Qe4 Qe7 27. Qe5+ Kf7 28. Kf2 Qh4+ 29. Kf3 Qd8 30. Qf4+ Kg6 31. Qe4+ Kh6 32. Qxe6+ Kg7 33. Qg4+ Kf7 34. Qc4+ Kg6 35. Qe4+ Kh6 36. Ke3 Qd1 37. Qh4+ Kg6 38. Qg4+ Qxg4 39. hxg4 Kg5 40. Kf3 Kf6 41. Kf4 h6 42. a4 a6 43. b3 Ke6 44. g5 hxg5+ 45. Kxg5 Ke5 46. g4 Ke4 47. Kf6 Kd3 48. g5 Kxc3 49. g6 Kxb3 50. g7 Kxa4 51. g8Q Kb4 52. Ke5 1-0